000 00327nam a2200133Ia 4500
003 GCL
008 140319s9999 xx 000 0 ara d
040 _aGCL /
_cGCL
082 0 4 _a658.37
_bج ا
245 1 0 _aاعمال السكرتارية
260 _a[S.N] :
_bدار الفكر العربى
300 _a335 ص
490 _a
999 _c35513
_d35513